LIBRARY & INFORMATION CENTRE, KCAET, TAVANUR

ONLINE PUBLIC ACCESS CATALOGUE (OPAC)

Fundamentals of Foods and Nutrition (Record no. 15628)

MARC details
000 -LEADER
fixed length control field 00370nam a22001457a 4500
003 - CONTROL NUMBER IDENTIFIER
control field OSt
008 - FIXED-LENGTH DATA ELEMENTS--GENERAL INFORMATION
fixed length control field 190522b ||||| |||| 00| 0 eng d
020 ## - INTERNATIONAL STANDARD BOOK NUMBER
ISBN 9789383285686
082 ## - DEWEY DECIMAL CLASSIFICATION NUMBER
Classification number 664.
Item number ORA/FU
100 ## - MAIN ENTRY--AUTHOR NAME
Personal name Oralugbagbe, Gboyega
245 ## - TITLE STATEMENT
Title Fundamentals of Foods and Nutrition
260 ## - PUBLICATION, DISTRIBUTION, ETC. (IMPRINT)
Place of publication New Delhi
Name of publisher Agri Horti Press
Year of publication 2018
300 ## - PHYSICAL DESCRIPTION
Number of Pages 237 p.
942 ## - ADDED ENTRY ELEMENTS (KOHA)
Koha item type Books
Holdings
Withdrawn status Lost status Damaged status Collection code Home library Current library Shelving location Date acquired Cost, normal purchase price Full call number Accession Number Koha item type
      Non-fiction KAUAET KAUAET General Stacks 22/05/2019 1395.00 664. ORA/FU 25895 Books
free website counter